logo

Bir Sreshtho Munshi Abdur Rouf Library
Jhenaidah Cadet College

1982 Statistical Yearbook of Bangladesh / (Record no. 9370)

MARC details
000 -LEADER
fixed length control field 00623nam a2200217 a 4500
001 - CONTROL NUMBER
JCCL Control Number 9370
003 - CONTROL NUMBER IDENTIFIER
JCCL marc code BD-JhCC
005 - DATE AND TIME OF LATEST TRANSACTION
control field 20180520130123.0
008 - FIXED-LENGTH DATA ELEMENTS--GENERAL INFORMATION
fixed length control field 180313s1983 bg a|||| |||| 000 0 eng d
035 ## - SYSTEM CONTROL NUMBER
system control number (BD-JhCC)9370
040 ## - CATALOGING SOURCE
Original cataloging agency BD-JhCC
Modifying agency BD-JhCC
041 ## - LANGUAGE CODE
Language code of Book eng
082 ## - DEWEY DECIMAL CLASSIFICATION NUMBER
Classification number 315.492
Author mark and Year STA 1983
245 ## - TITLE STATEMENT
Title 1982 Statistical Yearbook of Bangladesh /
Statement of responsibility, etc Bangladesh Bureau of Statistics,
260 ## - PUBLICATION, DISTRIBUTION, ETC. (IMPRINT)
Place of publication, distribution, etc Dhaka :
Name of publisher, distributor, etc Bangladesh Bureau of Statistics,
Date of publication, distribution, etc 1983.
300 ## - PHYSICAL DESCRIPTION
Pagination 766 p.:
Other physical details ill;
Dimensions 27 cm.
650 ## - SUBJECT ADDED ENTRY--TOPICAL TERM
Topical term or geographic name as entry element Economic History
710 ## - ADDED ENTRY--CORPORATE NAME
Corporate name or jurisdiction name as entry element Bangladesh Bureau of Statistics,
942 ## - ADDED ENTRY ELEMENTS (KOHA)
Source of classification or shelving scheme Dewey Decimal Classification
Koha item type Reference
Holdings
Source of classification or shelving scheme Damaged status Not for loan Home library Current library Shelving location Date of accession Cost, normal purchase price Total Checkouts Full call number Barcode Date last seen Copy number Koha item type
Dewey Decimal Classification     JCC Rouf Library JCC Rouf Library General Stacks 03/13/2018 50.00   315.492 STA 1983 12096 03/13/2018 C-2 Reference
Dewey Decimal Classification     JCC Rouf Library JCC Rouf Library General Stacks 04/21/2018     315.492 STA 1983 13266 04/21/2018 C-1 Reference

JCC Library | Contacts | JCC Home

Last Update on 23 September 2017
Copyright @ 2017-2020 JCC Rouf Library
Rouf Library, Jhenidah Cadet College (JCC), Bangladesh